| 000 | 01283cab a2200193 4500 | ||
|---|---|---|---|
| 001 | L130868 | ||
| 008 | 050908n2005 000 0 eng u | ||
| 035 | _a(Sirsi) u130868 | ||
| 041 | 0 | _aeng | |
| 245 | _aBritain's biggest housebuilders | ||
| 260 | _c2005 | ||
| 490 | 0 |
_aHouse Builder _v Supplement September 2005, 1-32(19) |
|
| 520 | _aThe third annual edition of this supplement provides a comprehensive overview of Britain's house builders' activities: a league table of the top 25 house builders ranked by turnover and rated by six key measures; aprofile of the house building industry's top 10 players, and a range of articles "Smooth scaling" assesses how well Britain's biggest house builders performed in 2004. "Rapid rising" looks at house builder Gladedale which aims to build more than 6 000 homes per year. "Getting nowhere fast" reveals how well house builders are faring on the planning application front. Westbury's next chief executive discusses his plans in "Pump up the volume" and "The Reil agenda" tells of Frank Reil's ambitions to make David McLean one of the top 12 house builders. | ||
| 590 | _aIKA130905 | ||
| 690 | _aPROPERTY-RESIDENTIAL PROPERTY-RESIDENTIAL PROPERTY DEVELOPMENT | ||
| 700 | 1 | _aMenary, Steve | |
| 700 | 1 | _aGreen, Brian | |
| 942 | _n0 | ||
| 999 |
_c75852 _d75852 |
||